000 00700cab a2200205 4500
001 X3367
008 090401t1996 xxu||||| |||| 00| 0 eng d
035 _a(Sirsi) u30015
041 _aeng
245 _aGC debates new specialisms
260 _c1996
350 _a0
490 _aCSM (Chartered Surveyor Monthly)
_v5(6) March 1996, 5(1)
520 _aThe RICS general council debated on 5 February 1996 how the Institution might accomodate certain areas of professional practice that do not easily fit into the current divisional structure.
650 _aRICS
650 _aSPECIALISMS
690 _aMANAGEMENT-BUSINESS MANAGEMENT-PROFESSIONAL PRACTICE
942 _n0
948 _c04/03/1997
999 _c20204
_d20204